| 000 | 01517nam a22001817a 4500 | ||
|---|---|---|---|
| 008 | 190723b xxu||||| |||| 00| 0 eng d | ||
| 020 | _a0534357334 | ||
| 050 | _aRA776.H148 | ||
| 082 |
_28th ed _aRA776.H148 |
||
| 100 | _aHales, Dianne. | ||
| 245 |
_aAn invitation to health. / _cDianne Hales. |
||
| 250 | _a8th ed. | ||
| 260 |
_aSouth Melbourne: _bCole Publishing Company, _c1999. |
||
| 300 |
_axix, 114 p. : _b ill. col.; _c28 cm. |
||
| 500 | _aIncludes index. | ||
| 505 | _aContents: Section I: A lifetime of wellness: An invitation to health for twenty- first century -- Managing stress -- Feeling good -- Caring for the mind -- Section II : Healthy lifestyles -- The joy of fitness -- Nutrition for life -- Eating patterns and problem -- Section III : Responsible sexuality -- Communicating and relating -- Personal sexuality -- Reprodutive choices: Section IV : Personal health risks -- Defending yourself from infections diseases -- Keeping your heart healthy -- Lowering your risk of cancer and other major diseases -- Section V: Avoiding harmful habits -- Drug use, misuse, and abuse -- Alcohol use misuse and abuse -- Protecting -- yourself -- Section VI : The circle of life : living the longer and better -- When life ends -- Taking charge of your health -- Working toward a healthy environment -- Hales health almanac -- Health information on the internet emergency -- A consumer,s guide to medical tests -- Counting your calories and fat -- Your health directory. | ||
| 942 |
_2lcc _cBK |
||
| 999 |
_c6787 _d14287 |
||